<?xml version="1.0" encoding="UTF-8"?>
<record
    xmlns:xsi="http://www.w3.org/2001/XMLSchema-instance"
    xsi:schemaLocation="http://www.loc.gov/MARC21/slim http://www.loc.gov/standards/marcxml/schema/MARC21slim.xsd"
    xmlns="http://www.loc.gov/MARC21/slim">

  <leader>01026nam a2200181   4500</leader>
  <controlfield tag="008">708.1 P185r</controlfield>
  <datafield tag="020" ind1=" " ind2=" ">
    <subfield code="a">9780997494099</subfield>
  </datafield>
  <datafield tag="082" ind1=" " ind2=" ">
    <subfield code="a">708.1</subfield>
    <subfield code="b">P185r</subfield>
  </datafield>
  <datafield tag="100" ind1=" " ind2=" ">
    <subfield code="a">Alvarez, Anelys</subfield>
    <subfield code="9">7226</subfield>
  </datafield>
  <datafield tag="110" ind1=" " ind2=" ">
    <subfield code="a">Fabius, Roxana</subfield>
    <subfield code="9">7227</subfield>
  </datafield>
  <datafield tag="111" ind1=" " ind2=" ">
    <subfield code="a">M. Hanna, Patricia</subfield>
    <subfield code="9">7228</subfield>
  </datafield>
  <datafield tag="245" ind1=" " ind2=" ">
    <subfield code="a">Un retrato: </subfield>
    <subfield code="b">es simple y concreto</subfield>
  </datafield>
  <datafield tag="260" ind1=" " ind2=" ">
    <subfield code="a">Minneapolis</subfield>
    <subfield code="b">NAME</subfield>
    <subfield code="c">2017</subfield>
  </datafield>
  <datafield tag="300" ind1=" " ind2=" ">
    <subfield code="a">328 p.</subfield>
    <subfield code="b">il. (col)</subfield>
    <subfield code="c">30,5 x 24,5 cm</subfield>
  </datafield>
  <datafield tag="505" ind1=" " ind2=" ">
    <subfield code="t">Melatonina/Madre/Miami/Meandro/Magma</subfield>
    <subfield code="r">Legna Rodr&#xED;guez Iglesias</subfield>
    <subfield code="t">Un sentido de lugar</subfield>
    <subfield code="r">Patricia M. Hanna</subfield>
    <subfield code="t">Pr&#xF3;logo</subfield>
    <subfield code="r">Franklin Sirmans</subfield>
    <subfield code="t">A manera de prefacio (y a falta de espejo)</subfield>
    <subfield code="r">Magal&#xED; Arriola</subfield>
    <subfield code="t">Desplazamientos geogr&#xE1;ficos y migraciones emocionales en un territorio incierto </subfield>
    <subfield code="r">Miguel A. L&#xF3;pez </subfield>
    <subfield code="t">Inclusi&#xF3;n radical: el arte contempor&#xE1;neo en la colecci&#xF3;n P&#xE9;rez</subfield>
    <subfield code="r">Tatiana Flores </subfield>
    <subfield code="t">Ilustraciones</subfield>
    <subfield code="t">Indice</subfield>
    <subfield code="t">Agradecimiento</subfield>
    <subfield code="t">Cr&#xE9;ditos de im&#xE1;genes</subfield>
    <subfield code="r">Tatiana Flores </subfield>
  </datafield>
  <datafield tag="650" ind1=" " ind2=" ">
    <subfield code="x">arte contempor&#xE1;neo</subfield>
    <subfield code="x">arte - colecciones</subfield>
    <subfield code="x">arte - galer&#xED;as</subfield>
    <subfield code="x">arte - museos</subfield>
    <subfield code="x">arte - exhibiciones </subfield>
    <subfield code="9">7229</subfield>
  </datafield>
  <datafield tag="700" ind1=" " ind2=" ">
    <subfield code="a">Zuluaga, Natalia </subfield>
    <subfield code="9">7230</subfield>
  </datafield>
  <datafield tag="999" ind1=" " ind2=" ">
    <subfield code="c">1867</subfield>
    <subfield code="d">1867</subfield>
  </datafield>
  <datafield tag="952" ind1=" " ind2=" ">
    <subfield code="0">0</subfield>
    <subfield code="1">0</subfield>
    <subfield code="2">ddc</subfield>
    <subfield code="4">0</subfield>
    <subfield code="7">0</subfield>
    <subfield code="a">LV</subfield>
    <subfield code="b">LV</subfield>
    <subfield code="c">Colectivas</subfield>
    <subfield code="d">2019-10-31</subfield>
    <subfield code="l">0</subfield>
    <subfield code="o">708.1 P185r</subfield>
    <subfield code="p">004685</subfield>
    <subfield code="r">2019-10-31 00:00:00</subfield>
    <subfield code="w">2019-10-31</subfield>
    <subfield code="y">01</subfield>
  </datafield>
</record>
